English Clubs beginning with: C - Statistics

General Stats
  • This quiz has been taken 31 times
  • The average score is 7 of 11
Answer Stats
League Answer % Correct
Premier League Chelsea
100%
Premier League Crystal Palace
93%
Championship Coventry
81%
League One Cambridge
74%
League Two Colchester
74%
Championship Cardiff City
67%
League One Carlisle
56%
League One Charlton
52%
League Two Crewe Alexandra
52%
League One Cheltenham
48%
League Two Crawley Town
37%
No matching quizzes found
Score Distribution
Percent of People with Each Score
Percentile by Number Answered
Your Score History
You have not taken this quiz